| Tag |
First Indicator |
Second Indicator |
Subfields |
| LEADER |
00000cam a2200000 4500 |
| 001 |
in00000081626 |
| 005 |
20151008053022.0 |
| 008 |
741031s1932 nyu 00000 eng u |
| 010 |
|
|
|a 32009126
|
| 035 |
|
|
|a (OCoLC)01063100
|
| 035 |
|
|
|9 AAH5878AM
|
| 040 |
|
|
|c RGC
|d TXA
|d UtOrBLW
|
| 049 |
|
|
|a TXAM
|c [194578]
|
| 050 |
|
0 |
|a HD3888
|b .H65
|
| 092 |
|
|
|a 380.16
|b H871m
|
| 100 |
1 |
|
|a Hoxie, George Luke,
|d 1872-
|
| 245 |
1 |
0 |
|a Men, money and mergers ;
|b with illustrations drawn from the electric power industry /
|c by George L. Hoxie.
|
| 264 |
|
1 |
|a New York :
|b Macmillan,
|c 1932.
|
| 300 |
|
|
|a vii, 231 pages ;
|c 22 cm.
|
| 336 |
|
|
|a text
|b txt
|2 rdacontent
|
| 337 |
|
|
|a unmediated
|b n
|2 rdamedia
|
| 338 |
|
|
|a volume
|b nc
|2 rdacarrier
|
| 650 |
|
0 |
|a Government ownership
|z United States.
|
| 650 |
|
0 |
|a Electric utilities
|z United States.
|
| 650 |
|
0 |
|a Industrial policy
|z United States.
|
| 650 |
|
0 |
|a Individualism.
|
| 999 |
|
|
|a MARS
|
| 999 |
f |
f |
|s f005aeef-98fb-315b-b7c3-dee9280be582
|i f792fe43-bf6c-3434-a136-1938f13f455d
|t 0
|
| 952 |
f |
f |
|p ric
|a Texas A&M University
|b Rellis Campus
|c Joint Library Facility
|d Remote Storage
|t 0
|e HD3888 .H65
|h Library of Congress classification
|i unmediated -- volume
|m A14800872543
|
| 998 |
f |
f |
|a HD3888 .H65
|t 0
|l Remote Storage
|